Umelá inteligencia transformuje riadenie logistiky
Chytré technológie potvrdzujú svoju schopnosť odhaľovať úzke miesta či vyberať kratšie cesty a transformovať tak dodávateľský reťazec. Ľudia strojom zverujú nielen rutinné činnosti, ale aj komplexné plánovanie a dokonca komunikáciu s kľúčovými článkami biznisu – obchodnými partnermi a zákazníkmi. Pl...
Guardado en:
| Autor principal: | |
|---|---|
| Formato: | Capítulo de libro |
| Lenguaje: | eslovaco |
| Materias: | |
| Etiquetas: |
Sin Etiquetas, Sea el primero en etiquetar este registro!
|
MARC
| LEADER | 00000naa a2200000 4500 | ||
|---|---|---|---|
| 001 | 0313888 | ||
| 005 | 20260109110419.1 | ||
| 041 | 0 | |a slo | |
| 044 | |a SK | ||
| 245 | 1 | 0 | |a Umelá inteligencia transformuje riadenie logistiky |c Vladimír Maťo |
| 520 | |a Chytré technológie potvrdzujú svoju schopnosť odhaľovať úzke miesta či vyberať kratšie cesty a transformovať tak dodávateľský reťazec. Ľudia strojom zverujú nielen rutinné činnosti, ale aj komplexné plánovanie a dokonca komunikáciu s kľúčovými článkami biznisu – obchodnými partnermi a zákazníkmi. Platí však povestné „s veľkou mocou prichádza aj veľká zodpovednosť“. | ||
| 610 | 2 | 0 | |a zisk |
| 610 | 2 | 0 | |a inteligencia umelá |
| 610 | 2 | 0 | |a logistika |
| 610 | 2 | 0 | |a efektívnosť |
| 610 | 2 | 0 | |a transformácia |
| 100 | 1 | |a Maťo, Vladimír | |